Dasanami Naga Sannyasi in worldly and soldierly activites / (Record no. 89849)

MARC details
000 -LEADER
fixed length control field 00618nam a22001937a 4500
005 - DATE AND TIME OF LATEST TRANSACTION
control field 20141204164506.0
010 ## - LCCN (DPL NO)
LC control number ENG-111145
020 ## - INTERNATIONAL STANDARD BOOK NUMBER
Terms of availability 795.00
International Standard Book Number 9789382420477
035 ## - SYSTEM CONTROL NUMBER
System control number EN-94677
037 ## - SOURCE OF ACQUISITION
Source of stock number/acquisition DBAD/PUB
082 ## - DEWEY DECIMAL CLASSIFICATION NUMBER
Classification number 230.35
245 ## - TITLE STATEMENT
Title Dasanami Naga Sannyasi in worldly and soldierly activites /
Statement of responsibility, etc edited by Ananda Bhattacharyya
260 ## - PUBLICATION, DISTRIBUTION, ETC. (IMPRINT)
Place of publication, distribution, etc New Delhi
Name of publisher, distributor, etc Kunal Books
Date of publication, distribution, etc 2014
270 ## - ADDRESS
City New Delhi
Postal code 110002
Address 4648/21, First Floor, Ansari Road, Daryaganj
300 ## - PHYSICAL DESCRIPTION
Extent vii,196p.
Dimensions 23cm(Hb)
500 ## - GENERAL NOTE
General note Includes index
700 ## - ADDED ENTRY--PERSONAL NAME
Personal name Bhattacharyya, Ananda
942 ## - ADDED ENTRY ELEMENTS (KOHA)
Source of classification or shelving scheme Dewey Decimal Classification
Item type English Books
Call number suffix DAS
Classification part 230.35
Holdings
Withdrawn status Lost status Not for loan Collection code Home library Current library Date acquired Source of acquisition Cost, normal purchase price Full call number Barcode Copy number Cost, replacement price Koha item type
    Not For Loan Non-fiction D.B.Act.Division D.B.Act.Division 10/11/2014 DBAD/PUB 795.00 230.35 DAS EN-94677 1 795.00 English Books

© Delhi Public Library
Hit Counter
free hit counter